| 000 | 00326nam a2200121Ia 4500 | ||
|---|---|---|---|
| 008 | 250110s9999 xx 000 0 und d | ||
| 041 | _aeng | ||
| 100 |
_aKalokhe Neha K _9182894 |
||
| 245 | _aAirport Gateway To A Nation | ||
| 260 |
_bBNCA B-Arch ID, Pune _c2016 |
||
| 300 | _a133p | ||
| 700 |
_aGuide Name:Pethe Sandeep _9210571 |
||
| 999 |
_c363763 _d363763 |
||